| 000 | 01216nam a2200313 i 4500 | ||
|---|---|---|---|
| 001 | 000005817 | ||
| 003 | DO-SdBNP | ||
| 005 | 20260203101440.0 | ||
| 007 | ta | ||
| 008 | 090824s1980 dr 001 0 spa d | ||
| 040 |
_aDO-SdBNP _bspa _cBNPHU _erda |
||
| 041 | _aspa | ||
| 082 | 4 |
_a344.729301 _bM722n _222 |
|
| 100 | 1 |
_aMolina, Henry, _eautor _4aut. _97271 |
|
| 245 | 1 | 3 |
_aEl nuevo código de trabajo / _cHenry Molina. |
| 264 | 1 |
_aSanto Domingo : _bCámara de Diputados de la República Dominicana, _c1980. |
|
| 300 |
_a253, 26 páginas ; _c18 cm. |
||
| 336 |
_atexto _btxt _2rdacontent |
||
| 337 |
_asin mediación _bn _2rdamedia |
||
| 338 |
_avolumen _bnc _2rdacarrier |
||
| 500 | _aProyecto presentado al Congreso Nacional por el diputado Henry Molina, aprobado por la Comisión Permanente de Trabajo de la Cámara de Diputados | ||
| 500 | _aIncluye datos biográficos del autor en la contracubierta | ||
| 500 | _aIncluye índice de materias y referencias bibliográficas | ||
| 590 | _aInventariado, 2018/DG | ||
| 650 | 4 |
_aDerecho laboral _zRepública Dominicana _97337 |
|
| 650 | 4 |
_aLegislación laboral _zRepública Dominicana _911733 |
|
| 910 | _aValidado. Control de calidad. MMOLINA | ||
| 942 |
_2ddc _cLBS1 |
||
| 999 |
_c5613 _d5613 |
||